Statistics for Alpländer

Click here to take the quiz!

General Stats

  • This quiz has been taken 67 times
  • The average score is 7 of 8

Answer Stats

Land% Correct
Österrike
100%
Frankrike
98%
Schweiz
96%
Italien
93%
Tyskland
91%
Liechtenstein
67%
Slovenien
67%
Monaco
50%

Score Distribution

Percentile by Number Answered

Percent of People with Each Score

Your Score History

You have not taken this quiz